Nghiên cứu marketing ứng dụng

Nội dung gồm 3 phần giới thiệu nghiên cứu marketing ứng dụng, thiết kế quá trình thu thập thông tin, phân tích dữ liệu và kết luận.

Salvato in:
Dettagli Bibliografici
Autore principale: Lưu, Thanh Đức Hải
Natura: Libro
Lingua:Undetermined
Pubblicazione: Cần Thơ Đại Học Cần Thơ 2000
Soggetti:
Tags: Aggiungi Tag
Nessun Tag, puoi essere il primo ad aggiungerne! !
Thư viện lưu trữ: Trung tâm Học liệu Trường Đại học Cần Thơ
LEADER 00844nam a2200217Ia 4500
001 CTU_199984
008 210402s9999 xx 000 0 und d
082 |a 658.8 
082 |b H103 
100 |a Lưu, Thanh Đức Hải 
245 0 |a Nghiên cứu marketing ứng dụng 
245 0 |c Lưu Thanh Đức Hải, Võ Thị Thanh Lộc 
260 |a Cần Thơ 
260 |b Đại Học Cần Thơ 
260 |c 2000 
520 |a Nội dung gồm 3 phần giới thiệu nghiên cứu marketing ứng dụng, thiết kế quá trình thu thập thông tin, phân tích dữ liệu và kết luận. 
526 |a Nghiên cứu Marketing 
526 |b KT625 
650 |a Marketing,Tiếp thị 
904 |i Bằng 
980 |a Trung tâm Học liệu Trường Đại học Cần Thơ